Joueur qui ont un prénom qui commence par A - Statistiques

Statistiques générales
  • Ce quiz a été pris 72 fois
  • Le résultat moyen est 8 sur 15
Answers on the Grid
Answers color-coded by a green-red scale on the quiz's grid according to % correct below.
Pelé
Truffert
Mikautadze
Haidara
Ronaldo
Aguero
Gomes
Onana
Bouaddi
Giroud
Mbappé
Brozovic
Doué
Alaba
Griezmann
Valbuena
André
Tchouaméni
Thomasson
Arbeloa
Albacete
Barzagli
Bonucci
Vidal
Abidal
Afif
Undav
Alexander-Arnold
Becker
Diallo
 
Statistiques - réponses
Réponse % Correct
Griezmann
86%
Tchouaméni
82%
Vidal
72%
Onana
68%
Truffert
68%
Gomes
65%
Thomasson
61%
Arbeloa
53%
Diallo
51%
Becker
44%
Pelé
42%
Barzagli
39%
Haidara
32%
Bouaddi
30%
Afif
23%
Aucun quiz correspondant
Distribution des résultats
% des personnes avec chaque résultat
Percentile par nombre de réponses
Votre historique - résultats
Vous n’avez pas pris ce quiz